000 01212nam a22003497a 4500
003 CHAP
005 20220329143202.0
008 061124d2006 mx r 00110 spa d
010 _a93056
011 _a94028
035 _a104612
040 _cCHAP
090 _aTesis
100 1 _aSantamaría López, José Gilberto.
_9102281
245 1 0 _aDinámica del calcio en suelos saturados e insaturados
_c/por José Gilberto Santamaría López
260 _aChapingo, Méx. :
_bEl autor,
_c2006.
300 _a69 h. :
_bilus.; gráfs.; cuadros.
502 _aTesis (Ing. en Irrigación) - - UACH. Departamento de Irrigación
590 _aALEPH
_b10
_c20130110
_lUCH01
_h1515
590 _aBATCH-UPD
_b10
_c20130110
_lUCH01
_h0604
590 _aBATCH-UPD
_b10
_c20130410
_lUCH01
_h0246
590 _aBATCH-UPD
_b10
_c20130914
_lUCH01
_h2014
590 _aCONVERSION
_b10
_c20130109
_lUCH01
_h1351
650 1 4 _aSuelos
_xAdsorción.
_9110194
650 1 4 _aSuelos
_xAnálisis.
_9110204
650 1 4 _aSuelos
_xCalcio en.
_9110225
901 _aBK
905 _aElisama A. H.
942 _cFOLL
949 _bBC
_cTES
_d33724002007941
_eTS2
_fc.2
_h45969
_i104612
_sb
949 _bBC
_cTES
_d33724002007975
_eTS1
_h45968
_i104612
_sb
999 _c93056
_d93056